Fuel cell systems explained (Record no. 355922)

000 -LEADER
fixed length control field 01129cam a2200337 a 4500
001 - CONTROL NUMBER
control field 10747474
003 - CONTROL NUMBER IDENTIFIER
control field USPCAS-E
005 - DATE AND TIME OF LATEST TRANSACTION
control field 20180118181418.0
006 - FIXED-LENGTH DATA ELEMENTS--ADDITIONAL MATERIAL CHARACTERISTICS
fixed length control field m d
007 - PHYSICAL DESCRIPTION FIXED FIELD--GENERAL INFORMATION
fixed length control field cr n
008 - FIXED-LENGTH DATA ELEMENTS--GENERAL INFORMATION
fixed length control field 021210s2003 enka sb 001 0 eng d
020 ## - INTERNATIONAL STANDARD BOOK NUMBER
International Standard Book Number 047084857X (alk. paper)
035 ## - SYSTEM CONTROL NUMBER
System control number (WaSeSS)ssj0000072016
040 ## - CATALOGING SOURCE
Original cataloging agency DLC
Transcribing agency DLC
Modifying agency DLC
-- WaSeSS
050 #4 - LIBRARY OF CONGRESS CALL NUMBER
Classification number TK2931
Item number .L37 2003
082 00 - DEWEY DECIMAL CLASSIFICATION NUMBER
Classification number 621.312429
Edition number 21
Author Mark LAR-F 2003
100 1# - MAIN ENTRY--PERSONAL NAME
Personal name Larminie, James.
210 10 - ABBREVIATED TITLE
Abbreviated title Fuel cell systems explained
245 10 - TITLE STATEMENT
Title Fuel cell systems explained
Medium [electronic resource] /
Statement of responsibility, etc. James Larminie, Andrew Dicks.
250 ## - EDITION STATEMENT
Edition statement 2nd ed.
260 ## - PUBLICATION, DISTRIBUTION, ETC.
Place of publication, distribution, etc. Chichester, West Sussex :
Name of publisher, distributor, etc. J. Wiley,
Date of publication, distribution, etc. c2003.
502 ## - DISSERTATION NOTE
Dissertation note .
504 ## - BIBLIOGRAPHY, ETC. NOTE
Bibliography, etc. note Includes bibliographical references and index.
506 ## - RESTRICTIONS ON ACCESS NOTE
Terms governing access License restrictions may limit access.
650 #0 - SUBJECT ADDED ENTRY--TOPICAL TERM
Topical term or geographic name entry element Fuel cells.
700 1# - ADDED ENTRY--PERSONAL NAME
Personal name Dicks, Andrew.
773 #0 - HOST ITEM ENTRY
Title Wiley-Blackwell Online Books
856 40 - ELECTRONIC LOCATION AND ACCESS
Uniform Resource Identifier <a href="http://www.columbia.edu/cgi-bin/cul/resolve?clio10747474">http://www.columbia.edu/cgi-bin/cul/resolve?clio10747474</a>
Public note Full text available from Wiley-Blackwell Online Books
910 ## - USER-OPTION DATA (OCLC)
User-option data Library of Congress record
942 ## - ADDED ENTRY ELEMENTS (KOHA)
Source of classification or shelving scheme
Koha item type Book
Holdings
Withdrawn status Lost status Source of classification or shelving scheme Damaged status Not for loan Collection code Permanent Location Current Location Shelving location Date acquired Source of acquisition Cost, normal purchase price Total Checkouts Full call number Barcode Date last seen Price effective from Koha item type Copy number
            US-Pakistan Center for Advanced Studies in Energy (USPCAS-E) US-Pakistan Center for Advanced Studies in Energy (USPCAS-E)   01/11/2016 Golden 12564.00   621.312429 LAR-F 2003 CAS-E0001321 01/11/2016 01/11/2016 Book  
            US-Pakistan Center for Advanced Studies in Energy (USPCAS-E) US-Pakistan Center for Advanced Studies in Energy (USPCAS-E)   01/11/2016 Golden 12564.00   621.312429 LAR-F 2003 CAS-E0001322 01/11/2016 01/11/2016 Book C.2
© 2023 Central Library, National University of Sciences and Technology. All Rights Reserved.